Lightning storm /

Saved in:
Bibliographic Details
Main Author: McAllister, Anne
Format: Book
Language:English
Published: London : Mills and Boon, c1985.
LEADER 00734nam a2200205 a 4500
001 c000268257
003 CARM
005 20070823110726.0
008 850916s1985 enk 000 1 eng d
019 1 |a 4595646  |z 43184416  |5 LACONCORD2021 
020 |a 026375118X (pbk.) 
035 |a (OCoLC)12848101  |5 LACONCORD2021 
040 |a VCAV  |c VCAV 
100 1 |a McAllister, Anne. 
245 1 0 |a Lightning storm /  |c by Anne McAllister. 
260 |a London :  |b Mills and Boon,  |c c1985. 
300 |a 192 p. ;  |c 18 cm. 
852 8 |b CARM  |h A1:AM04A0  |i A04656  |p 0390015  |f BK 
999 f f |i 9456c4f7-1b91-59c2-9e7a-34e86a8353de  |s 9fa946a1-6506-5f36-b8da-d5b7dbba5a42 
952 f f |p Can circulate  |a CAVAL  |b CAVAL  |c CAVAL  |d CARM 1 Store  |e A04656  |f A1:AM04A0  |h Other scheme  |i book  |m 0390015